[Event "ICS rated blitz match"]
[Site "204.178.125.65"]
[Date "2000.09.15"]
[Round "?"]
[White "Hossa"]
[Black "Krausuwe"]
[Result "1-0"]
[WhiteElo "2465"]
[BlackElo "2358"]
[PlyCount "56"]
[EventDate "2000.??.??"]

1. e4 c5 2. Nf3 d6 3. d4 cxd4 4. Nxd4 Nf6 5. Nc3 Nc6 6. Bg5 e6 7. Qd2 a6 8.
O-O-O Bd7 9. f4 b5 10. Bxf6 gxf6 11. f5 b4 12. Nce2 Qa5 13. Kb1 Rc8 14. Nb3 Qb6
15. Ng3 Ne5 16. Nh5 Be7 17. Qh6 Qf2 18. Nd4 Ba4 19. b3 Bc6 20. Bxa6 Rc7 21.
Nxf6+ Bxf6 22. Qxf6 Rf8 23. Rhf1 Qxg2 24. Nb5 Qxc2+ 25. Kxc2 Bxb5+ 26. Kb2 Bxa6
27. Rxd6 Nd7 28. Rxe6+ fxe6 {Krausuwe resigns} 1-0

[Event "ICS rated blitz match"]
[Site "204.178.125.65"]
[Date "2000.09.15"]
[Round "?"]
[White "Krausuwe"]
[Black "Hossa"]
[Result "1-0"]
[WhiteElo "2347"]
[BlackElo "2476"]
[PlyCount "103"]
[EventDate "2000.??.??"]

1. e4 e5 2. Nf3 Nc6 3. Bb5 a6 4. Ba4 Nf6 5. O-O Be7 6. Re1 b5 7. Bb3 d6 8. c3
O-O 9. d4 Bg4 10. d5 Na5 11. Bc2 c6 12. h3 Bc8 13. b4 Nc4 14. dxc6 Qc7 15. a4
Be6 16. Ng5 Qxc6 17. Nxe6 fxe6 18. Nd2 Nxd2 19. Qxd2 Nh5 20. Bb3 Nf4 21. Qd1
bxa4 22. Rxa4 Qc8 23. Bxf4 exf4 24. Qd3 f3 25. gxf3 Rf6 26. Rea1 Rg6+ 27. Kf1
Rh6 28. Rxa6 Rxa6 29. Rxa6 Kf7 30. Kg2 Rg6+ 31. Kh1 Qb7 32. Ra5 Kg8 33. e5 Qb8
34. Bd5 Bd8 35. Ra8 Qb6 36. Be4 Rh6 37. Qxd6 Rxh3+ 38. Kg1 Qxd6 39. exd6 Kf7
40. Rxd8 Rh5 41. Rh8 Rg5+ 42. Kf1 e5 43. d7 Rh5 44. d8=Q Rh1+ 45. Kg2 Rh2+ 46.
Kxh2 h6 47. Rf8+ Ke6 48. Qd5+ Ke7 49. Rf7+ Ke8 50. Qe6+ Kd8 51. Qe7+ Kc8 52.
Qc7# {Hossa checkmated} 1-0

[Event "ICS rated blitz match"]
[Site "204.178.125.65"]
[Date "2000.09.15"]
[Round "?"]
[White "Krausuwe"]
[Black "Hossa"]
[Result "1-0"]
[WhiteElo "2357"]
[BlackElo "2466"]
[PlyCount "87"]
[EventDate "2000.??.??"]

1. e4 e5 2. Nf3 Nc6 3. Bb5 a6 4. Ba4 Nf6 5. O-O Be7 6. Re1 b5 7. Bb3 d6 8. c3
O-O 9. d4 Bg4 10. d5 Na5 11. Bc2 c6 12. h3 Bc8 13. b4 Nc4 14. dxc6 Qc7 15. a4
Be6 16. Ng5 Qxc6 17. Nxe6 fxe6 18. Nd2 Nxd2 19. Qxd2 Nh5 20. Bb3 Nf4 21. Qd1
bxa4 22. Rxa4 Qc8 23. Bxf4 exf4 24. Qd3 f3 25. gxf3 Rf6 26. Rea1 Rg6+ 27. Kf1
Rh6 28. Rxa6 Rxa6 29. Rxa6 Kf7 30. Ra7 Qb8 31. Ra5 Bd8 32. Ra6 Be7 33. f4 Kf8
34. Bxe6 Rg6 35. Qd5 Bd8 36. Rxd6 Bb6 37. Rd7 Rf6 38. Qg5 Ke8 39. Rxg7 Bd4 40.
Rg8+ Ke7 41. Rxb8 Bc5 42. Rb7+ Ke8 43. Qxf6 Bxb4 44. Bd7# {Hossa checkmated}
1-0

[Event "ICS rated blitz match"]
[Site "204.178.125.65"]
[Date "2000.09.15"]
[Round "?"]
[White "Hossa"]
[Black "Knightfreak"]
[Result "1/2-1/2"]
[WhiteElo "2445"]
[BlackElo "2217"]
[PlyCount "69"]
[EventDate "2000.??.??"]

1. e4 c5 2. Nf3 d6 3. d4 cxd4 4. Nxd4 Nf6 5. Nc3 a6 6. Bg5 e6 7. f4 Qb6 8. Qd2
Qxb2 9. Rb1 Qa3 10. f5 Nc6 11. fxe6 fxe6 12. Nxc6 bxc6 13. e5 dxe5 14. Bxf6
gxf6 15. Ne4 Qxa2 16. Rd1 Be7 17. Be2 O-O 18. O-O Ra7 19. Rf3 Rd7 20. Qh6 Rxd1+
21. Bxd1 Rf7 22. Nxf6+ Bxf6 23. Rxf6 Rxf6 24. Qxf6 Qd5 25. Qg5+ Kh8 26. Qf6+
Kg8 27. Qg5+ Kh8 28. Qf6+ Kg8 29. Qg5+ Kh8 30. Qf6+ Kg8 31. Qg5+ Kh8 32. Qf6+
Kg8 33. Qg5+ Kh8 34. Qf6+ Kg8 35. Qg5+ {Game drawn by repetition} 1/2-1/2

[Event "ICS rated blitz match"]
[Site "204.178.125.65"]
[Date "2000.09.15"]
[Round "?"]
[White "Hossa"]
[Black "Dorky"]
[Result "1-0"]
[WhiteElo "2453"]
[BlackElo "2446"]
[PlyCount "35"]
[EventDate "2000.??.??"]

1. e4 e5 2. Nf3 Nc6 3. Nc3 Nf6 4. Nxe5 Nxe5 5. d4 Nc6 6. d5 Ne5 7. f4 Ng6 8. e5
Ng8 9. d6 cxd6 10. exd6 Qh4+ 11. g3 Qf6 12. Nb5 Kd8 13. Be3 Qf5 14. Qd4 f6 15.
Bd3 Qg4 16. O-O Nh6 17. Rae1 Ne5 18. fxe5 {Dorky resigns} 1-0

[Event "ICS rated blitz match"]
[Site "204.178.125.65"]
[Date "2000.09.15"]
[Round "?"]
[White "Hossa"]
[Black "Dorky"]
[Result "0-1"]
[WhiteElo "2483"]
[BlackElo "2416"]
[PlyCount "134"]
[EventDate "2000.??.??"]

1. e4 c5 2. c3 e6 3. d4 d5 4. exd5 exd5 5. Nf3 Nc6 6. Bb5 f6 7. O-O Kf7 8. Re1
a6 9. Bd3 c4 10. Bc2 Bd6 11. Nh4 Nge7 12. Qf3 Bc7 13. Nf5 Nxf5 14. Bxf5 Bxf5
15. Qxf5 Qd6 16. Qh5+ g6 17. Qh3 h5 18. Na3 Rae8 19. Bd2 Re7 20. Rxe7+ Nxe7 21.
Re1 Re8 22. Nc2 a5 23. b3 cxb3 24. axb3 b5 25. Bc1 b4 26. cxb4 axb4 27. Bd2 Ba5
28. Qd3 Rc8 29. Rc1 Bb6 30. g3 Nf5 31. Qa6 Rc6 32. Bf4 Qd7 33. Rd1 Bxd4 34. Qe2
Bc5 35. Qd2 g5 36. Be3 Nxe3 37. fxe3 Re6 38. Rf1 Re4 39. Qe2 h4 40. Qh5+ Kg7
41. Qf3 Qe6 42. Kh1 hxg3 43. Qxg3 Bxe3 44. Qc7+ Kg6 45. Qg3 Bf4 46. Qd3 f5 47.
Nd4 Qf6 48. Ne2 Be5 49. Ng3 Bxg3 50. hxg3 Qh8+ 51. Kg2 g4 52. Qa6+ Kg5 53. Kg1
Qd4+ 54. Kh1 Re7 55. Kg2 Qe4+ 56. Kg1 Rh7 57. Rxf5+ Qxf5 58. Qa1 Qe4 59. Qc1+
Kf6 60. Qc6+ Ke5 61. Qe8+ Kd4 62. Qxe4+ dxe4 63. Kf2 Kd3 64. Kg1 Ke3 65. Kg2
Rh3 66. Kf1 Rxg3 67. Ke1 Rg1# {Hossa checkmated} 0-1

[Event "ICS rated blitz match"]
[Site "204.178.125.65"]
[Date "2000.09.15"]
[Round "?"]
[White "counterplay"]
[Black "Hossa"]
[Result "0-1"]
[WhiteElo "2731"]
[BlackElo "2464"]
[PlyCount "72"]
[EventDate "2000.??.??"]

1. Nf3 d5 2. c4 d4 3. e4 Nc6 4. d3 e5 5. Be2 Nf6 6. Bd2 Bd6 7. O-O O-O 8. Qb3
a6 9. Na3 Bc5 10. Nc2 Qe7 11. a3 a5 12. Qb5 Bd7 13. Qb3 a4 14. Qa2 Na5 15. Bg5
Nb3 16. Rad1 b5 17. Nd2 Nxd2 18. Rxd2 bxc4 19. Qxc4 Be6 20. Qb5 Rfb8 21. Qc6
Ra5 22. b4 axb3 23. Nxd4 Bxd4 24. Bxf6 gxf6 25. Qc1 b2 26. Qc2 Rxa3 27. Rb1 Ra1
28. Rdd1 Bb3 29. Rxb2 Rxd1+ 30. Qxd1 Bxb2 31. Qb1 Bd4 32. g3 Qd8 33. Qe1 Ra8
34. Kg2 Ra1 35. Qb4 Be6 36. h3 f5 {counterplay resigns} 0-1

[Event "ICS rated blitz match"]
[Site "204.178.125.65"]
[Date "2000.09.15"]
[Round "?"]
[White "Hossa"]
[Black "counterplay"]
[Result "0-1"]
[WhiteElo "2490"]
[BlackElo "2705"]
[PlyCount "148"]
[EventDate "2000.??.??"]

1. e4 c5 2. Nf3 e6 3. d4 cxd4 4. Nxd4 a6 5. Nc3 Nc6 6. g3 Qc7 7. Bg2 Nf6 8. O-O
d6 9. Nxc6 bxc6 10. f4 Be7 11. e5 dxe5 12. fxe5 Nd7 13. Bf4 g5 14. Be3 Nxe5 15.
Bd4 O-O 16. Qh5 Ng6 17. Rad1 e5 18. Be3 Be6 19. Ne4 Rab8 20. b3 g4 21. Nf6+
Bxf6 22. Rxf6 Rfd8 23. Rdf1 Qa5 24. R6f2 Qxa2 25. Bxc6 f5 26. Ba4 Rdc8 27. c4
Qa3 28. Bc1 Qc5 29. Bd2 Rd8 30. Bg5 Rd3 31. Bh6 e4 32. Qg5 Qd4 33. Qc1 Rb4 34.
Qe1 a5 35. Qa1 Qxa1 36. Rxa1 Ne5 37. Kf1 Nf3 38. Rfa2 Nd4 39. Rc1 Nxb3 40. Bxb3
Rdxb3 41. Rxa5 Rxc4 42. Ra7 Rxc1+ 43. Bxc1 Bc4+ 44. Kg2 Rc3 45. Bh6 e3 46. Ra1
e2 47. Bd2 Rf3 48. Rc1 Ba6 49. Ra1 Bb7 50. Kg1 Rd3 51. Be1 Rd1 52. Ra7 Rxe1+
53. Kf2 Rh1 54. Kxe2 Rxh2+ 55. Ke3 Be4 56. Kf4 h5 57. Rd7 h4 58. gxh4 Rxh4 59.
Kg5 Rh3 60. Kg6 f4+ 61. Kf6 g3 62. Rd8+ Kh7 63. Kg5 Bc6 64. Rc8 g2 65. Rc7+ Kg8
66. Kf5 g1=Q 67. Rc8+ Kf7 68. Rc7+ Kf8 69. Rc8+ Be8 70. Rd8 Qc5+ 71. Ke4 Re3+
72. Kxf4 Qe5+ 73. Kg4 Rg3+ 74. Kh4 Qg5# {Hossa checkmated} 0-1

[Event "ICS rated standard match"]
[Site "204.178.125.65"]
[Date "2000.09.15"]
[Round "?"]
[White "Hossa"]
[Black "BrazilianMaster"]
[Result "0-1"]
[WhiteElo "2332"]
[BlackElo "2591"]
[PlyCount "124"]
[EventDate "2000.??.??"]

1. e4 Nf6 2. e5 Nd5 3. d4 d6 4. Nf3 g6 5. Bc4 Nb6 6. Bb3 a5 7. Ng5 d5 8. Qf3
Bf5 9. g4 Be6 10. Nxe6 fxe6 11. c3 Bg7 12. h4 c5 13. dxc5 N6d7 14. Ba4 Nc6 15.
Qe3 Ndxe5 16. f4 Nxg4 17. Qxe6 Qd7 18. Qxd7+ Kxd7 19. Nd2 Ne3 20. Nf3 Nf5 21.
Bd2 Ng3 22. Rh2 Ne4 23. Rd1 Nxc5 24. Bc2 e6 25. Re2 b5 26. Be3 Nb7 27. Ng5 a4
28. Bb6 Rae8 29. Nxh7 Rxh7 30. Bxg6 Reh8 31. Rxd5+ Nd6 32. Rxd6+ Kxd6 33. Rd2+
Ke7 34. Be4 Nb8 35. Bxh7 Rxh7 36. Bc5+ Kf6 37. Bd6 Nd7 38. Rh2 Kf5 39. Kf2 Nb6
40. Kg3 Nc4 41. Bb8 Rh8 42. Ba7 Bh6 43. Rf2 Rg8+ 44. Kf3 Bxf4 45. Ke2 Nxb2 46.
Be3 e5 47. Bb6 Rh8 48. Bc5 Ke4 49. Be7 Rh7 50. Bf6 Nd3 51. Rf1 Nc1+ 52. Rxc1
Bxc1 53. Kd1 Be3 54. Kc2 Rf7 55. Bxe5 Rf2+ 56. Kb1 Rf1+ 57. Kc2 Rc1+ 58. Kb2
a3+ 59. Kb3 Rb1+ 60. Kc2 Rb2+ 61. Kd1 Kd3 62. Ke1 Rb1# {Hossa checkmated} 0-1

[Event "ICS rated standard match"]
[Site "204.178.125.65"]
[Date "2000.09.15"]
[Round "?"]
[White "nitmo"]
[Black "Hossa"]
[Result "1/2-1/2"]
[WhiteElo "2001"]
[BlackElo "2326"]
[PlyCount "129"]
[EventDate "2000.??.??"]

1. e4 e5 2. Nf3 Nc6 3. Bc4 Nf6 4. Ng5 d5 5. exd5 Na5 6. Bb5+ c6 7. dxc6 bxc6 8.
Qf3 Rb8 9. Be2 Bc5 10. Nc3 O-O 11. Nce4 Nxe4 12. Nxe4 Bd4 13. c3 Bb6 14. b4 Nb7
15. O-O Qd5 16. d3 f5 17. Nd2 Nd6 18. Nc4 Qxf3 19. Bxf3 Nxc4 20. dxc4 e4 21.
Be2 Be6 22. Bf4 Rbc8 23. c5 Bc7 24. Bxc7 Rxc7 25. Rfd1 g6 26. Rd6 Kf7 27. Rad1
Ra8 28. a4 Rh8 29. f3 e3 30. R1d3 f4 31. R3d4 g5 32. Kf1 Re8 33. g3 fxg3 34.
hxg3 Bh3+ 35. Ke1 Kg7 36. g4 Bg2 37. Rd7+ Re7 38. Rxc7 Rxc7 39. Re4 Bh3 40.
Rxe3 h5 41. Re5 hxg4 42. fxg4 Kf6 43. Rf5+ Kg6 44. Kf2 Re7 45. Bf3 a6 46. Rf8
Kg7 47. Rc8 Rf7 48. Kg3 Rf4 49. Rc7+ Kf8 50. Rxc6 Bf1 51. Rg6 Bd3 52. Rxg5 Rc4
53. c6 Rxc3 54. Rc5 Rxc5 55. bxc5 Ke7 56. g5 Bc2 57. a5 Bd3 58. Kf4 Kd8 59. Ke5
Kc7 60. Be4 Bc4 61. g6 Bb3 62. g7 Bc4 63. Bd5 Bb3 64. g8=Q Bxd5 65. Kxd5 {
Hossa stalemated} 1/2-1/2

[Event "ICS rated blitz match"]
[Site "204.178.125.65"]
[Date "2000.09.15"]
[Round "?"]
[White "Hossa"]
[Black "Tinker"]
[Result "1-0"]
[WhiteElo "2483"]
[BlackElo "2503"]
[PlyCount "83"]
[EventDate "2000.??.??"]

1. e4 e5 2. Nf3 Nf6 3. Nxe5 Qe7 4. Nf3 Qxe4+ 5. Be2 Nc6 6. Nc3 Qg4 7. Nb5 Kd8
8. O-O a6 9. d3 Qb4 10. Nc3 Bc5 11. a3 Qa5 12. d4 Be7 13. d5 Nb4 14. Ne5 Nbxd5
15. Nxf7+ Ke8 16. Nxh8 Nxc3 17. bxc3 Qxc3 18. Rb1 Qc5 19. Bd3 Kf8 20. Bd2 Qxa3
21. Bc1 Qd6 22. Bc4 Qxd1 23. Rxd1 d5 24. Bxd5 Nxd5 25. Rxd5 Bd6 26. Bb2 Kg8 27.
Re1 Bd7 28. Rxd6 cxd6 29. Re7 Re8 30. Rxg7+ Kf8 31. Rf7+ Kg8 32. f3 Re1+ 33.
Kf2 Rb1 34. Bf6 Ba4 35. Rc7 Be8 36. Rg7+ Kf8 37. Rxh7 a5 38. Rc7 Rd1 39. Rxb7
Rd2+ 40. Kg3 Re2 41. c3 a4 42. Ra7 {Tinker resigns} 1-0

[Event "ICS rated standard match"]
[Site "204.178.125.65"]
[Date "2000.09.15"]
[Round "?"]
[White "Hossa"]
[Black "nitmo"]
[Result "1-0"]
[WhiteElo "2314"]
[BlackElo "2013"]
[PlyCount "99"]
[EventDate "2000.??.??"]

1. e4 e5 2. Bc4 Nf6 3. d3 Nc6 4. Nf3 d5 5. exd5 Nxd5 6. O-O Bg4 7. Re1 Be7 8.
h3 Bxf3 9. Qxf3 Nd4 10. Qg4 Nf6 11. Qxg7 Rg8 12. Bxf7+ Kd7 13. Bxg8 Qxg8 14.
Qxg8 Rxg8 15. Bd2 Nxc2 16. Nc3 Nxa1 17. Rxa1 Bb4 18. Re1 Re8 19. g4 Bxc3 20.
Bxc3 Kd6 21. Bd2 e4 22. g5 e3 23. Bb4+ c5 24. gxf6 cxb4 25. Rxe3 Rf8 26. Re7
Rxf6 27. Rxh7 Kc6 28. Kf1 a5 29. Rh4 Kb6 30. Ke2 Rf5 31. Rh6+ Kc5 32. Re6 Rh5
33. Re3 a4 34. f4 a3 35. b3 Kd6 36. Rg3 Rc5 37. Kd2 Rf5 38. Ke3 Rc5 39. Rg6+
Kc7 40. Rg7+ Kc6 41. Rg2 Rh5 42. Rh2 Kd5 43. h4 b6 44. Rh3 b5 45. Rh2 Ke6 46.
Ke4 Kd6 47. f5 Rh8 48. h5 Re8+ 49. Kf4 Ke7 50. Re2+ {nitmo resigns} 1-0

[Event "ICS rated standard match"]
[Site "204.178.125.65"]
[Date "2000.09.16"]
[Round "?"]
[White "nitmo"]
[Black "Hossa"]
[Result "0-1"]
[WhiteElo "2008"]
[BlackElo "2319"]
[PlyCount "68"]
[EventDate "2000.??.??"]

1. e4 g6 2. d4 Bg7 3. Nc3 e6 4. Nf3 d6 5. Bg5 Ne7 6. Qd2 h6 7. Be3 d5 8. O-O-O
dxe4 9. Nxe4 b6 10. Ne5 f6 11. Nxf6+ Bxf6 12. Ng4 Bg7 13. Bxh6 Bxh6 14. Nxh6
Qd5 15. Bd3 Qh5 16. Be4 c6 17. d5 exd5 18. Bxd5 cxd5 19. Rhe1 Qxh6 20. f4 Bb7
21. Rxe7+ Kxe7 22. Re1+ Kd8 23. c4 Qxh2 24. cxd5 Nd7 25. Kb1 Rh5 26. Qe2 Rxd5
27. Qe7+ Kc7 28. Rc1+ Rc5 29. Rd1 Bd5 30. b4 Rc4 31. Rxd5 Qg1+ 32. Kb2 Qc1+ 33.
Kb3 Qc2+ 34. Ka3 Rc3# {nitmo checkmated} 0-1

[Event "ICS rated blitz match"]
[Site "204.178.125.65"]
[Date "2000.09.16"]
[Round "?"]
[White "Tinker"]
[Black "Hossa"]
[Result "0-1"]
[WhiteElo "2487"]
[BlackElo "2500"]
[PlyCount "42"]
[EventDate "2000.??.??"]

1. e4 e5 2. Nf3 Nc6 3. Bb5 a6 4. Bxc6 dxc6 5. O-O Bg4 6. h3 h5 7. d3 Qf6 8.
Nbd2 Ne7 9. Qe2 Ng6 10. Rd1 Nf4 11. Qf1 Nxh3+ 12. gxh3 Bxf3 13. Nxf3 Qxf3 14.
Be3 g5 15. Qg2 g4 16. hxg4 hxg4 17. Qxf3 gxf3 18. Rd2 Kd7 19. Bf4 exf4 20. e5
Bb4 21. e6+ fxe6 {Tinker resigns} 0-1

[Event "ICS rated standard match"]
[Site "204.178.125.65"]
[Date "2000.09.16"]
[Round "?"]
[White "Hossa"]
[Black "superbeast"]
[Result "1-0"]
[WhiteElo "2324"]
[BlackElo "1955"]
[PlyCount "29"]
[EventDate "2000.??.??"]

1. e4 c5 2. Nf3 Nc6 3. Bb5 g6 4. O-O Bg7 5. c3 e5 6. d4 exd4 7. Bf4 a6 8. Bc4
Nge7 9. Bd6 dxc3 10. Nxc3 O-O 11. Bxc5 b5 12. Bb3 Na5 13. Nd5 Nxd5 14. Bxd5 Bb7
15. Bxf8 {superbeast resigns} 1-0

[Event "ICS rated blitz match"]
[Site "204.178.125.65"]
[Date "2000.09.16"]
[Round "?"]
[White "Hossa"]
[Black "PostModernist"]
[Result "1-0"]
[WhiteElo "2515"]
[BlackElo "2701"]
[PlyCount "119"]
[EventDate "2000.??.??"]

1. e4 e5 2. Nf3 Nc6 3. Nc3 g6 4. d4 exd4 5. Nxd4 Bg7 6. Be3 Nf6 7. Nxc6 bxc6 8.
e5 Ng8 9. Bd4 Qe7 10. Qe2 f6 11. exf6 Nxf6 12. Qxe7+ Kxe7 13. Be2 Bb7 14. O-O
Rhe8 15. f4 Nh5 16. Bxg7 Nxg7 17. Bg4 d5 18. Rfe1+ Kd6 19. b4 c5 20. a3 d4 21.
Rxe8 Rxe8 22. Nb5+ Kc6 23. a4 cxb4 24. Nxd4+ Kb6 25. a5+ Kc5 26. Rd1 Bd5 27.
Nb3+ Kc6 28. a6 Bxb3 29. cxb3 Re3 30. Bf3+ Kb6 31. Bd5 Kxa6 32. Kf2 Re7 33. g4
Kb6 34. Rc1 c5 35. Ra1 Ne8 36. Kf3 Nf6 37. Bc4 Ne4 38. Ra2 Nc3 39. Ra6+ Kb7 40.
f5 Ne4 41. Ra2 Kb8 42. h4 gxf5 43. gxf5 Nd6 44. Be6 Nb5 45. Kf4 h5 46. Kg5 Nd4
47. Ra5 Nxe6+ 48. Kf6 Nd4 49. Kxe7 Nxf5+ 50. Kd7 Nd4 51. Rxc5 Nxb3 52. Rb5+ Ka8
53. Rxb4 Nc5+ 54. Kd6 Nd3 55. Rd4 Kb7 56. Rxd3 a5 57. Ra3 Kb6 58. Ke6 Kb5 59.
Kf6 a4 60. Rxa4 {PostModernist resigns} 1-0

[Event "ICS rated standard match"]
[Site "204.178.125.65"]
[Date "2000.09.16"]
[Round "?"]
[White "Hossa"]
[Black "nitmo"]
[Result "1-0"]
[WhiteElo "2327"]
[BlackElo "2003"]
[PlyCount "49"]
[EventDate "2000.??.??"]

1. e4 e5 2. Nf3 Nc6 3. Nc3 Nf6 4. Nxe5 Nxe5 5. d4 Nc6 6. d5 Bb4 7. Bg5 h6 8.
Bxf6 Qxf6 9. dxc6 Bxc3+ 10. bxc3 Qxc3+ 11. Ke2 bxc6 12. f3 f5 13. exf5 O-O 14.
g4 d5 15. Kf2 g6 16. Rg1 Qc5+ 17. Kg2 gxf5 18. gxf5 Rxf5 19. Kh1+ Rg5 20. Rxg5+
hxg5 21. Qd2 d4 22. Bd3 Kg7 23. Rg1 Kf6 24. h4 gxh4 25. Qh6+ {nitmo resigns}
1-0

[Event "ICS rated blitz match"]
[Site "204.178.125.65"]
[Date "2000.09.16"]
[Round "?"]
[White "SuperChicken"]
[Black "Hossa"]
[Result "1-0"]
[WhiteElo "2768"]
[BlackElo "2539"]
[PlyCount "89"]
[EventDate "2000.??.??"]

1. e4 e5 2. Nf3 Nc6 3. Bb5 a6 4. Ba4 Nf6 5. O-O Be7 6. Re1 b5 7. Bb3 d6 8. c3
O-O 9. h3 Bb7 10. d4 Re8 11. a4 Na5 12. Bc2 exd4 13. Nxd4 c5 14. Nf5 d5 15. e5
Nd7 16. axb5 axb5 17. Qd3 Nf8 18. Qxb5 Bc6 19. Qd3 Ng6 20. Nxe7+ Qxe7 21. Qf5
Qc7 22. e6 fxe6 23. Rxe6 Nc4 24. Rxa8 Rxa8 25. Na3 Nce5 26. Qh5 c4 27. g3 d4
28. Bf4 Nxf4 29. Qxh7+ Kf7 30. Qf5+ Kg8 31. Rxe5 Nxh3+ 32. Kh2 Bd7 33. Qh7+ Kf7
34. Qh5+ Kf8 35. Qf3+ Kg8 36. Qxa8+ Kf7 37. Qf3+ Nf4 38. Qxf4+ Kg8 39. Bh7+
Kxh7 40. Rh5+ Kg6 41. Rg5+ Kh7 42. Qf7 Qe5 43. Rxe5 Bf5 44. Qh5+ Kg8 45. Re8# {
Hossa checkmated} 1-0

[Event "ICS rated blitz match"]
[Site "204.178.125.65"]
[Date "2000.09.16"]
[Round "?"]
[White "Hossa"]
[Black "steve"]
[Result "1-0"]
[WhiteElo "2532"]
[BlackElo "2016"]
[PlyCount "121"]
[EventDate "2000.??.??"]

1. e4 c6 2. d4 d5 3. Nc3 dxe4 4. Nxe4 Bf5 5. Ng3 Bg6 6. h4 h6 7. Nf3 Nd7 8. h5
Bh7 9. Bd3 Bxd3 10. Qxd3 e6 11. Bd2 Qc7 12. O-O-O Ngf6 13. Ne4 O-O-O 14. Nxf6
gxf6 15. Qc3 Nb6 16. Kb1 Nd5 17. Qb3 Qb6 18. Qa4 Kb8 19. c4 Nc7 20. Rh4 Qa6 21.
Qxa6 Nxa6 22. Bf4+ Kc8 23. a3 Nb8 24. Kc2 Nd7 25. Ra1 Be7 26. Rg4 Rh7 27. Rg3
Rdh8 28. b4 Bf8 29. Re1 Rg7 30. Rxg7 Bxg7 31. c5 Rd8 32. Bd6 Bf8 33. Bg3 Bg7
34. Rf1 Nf8 35. Bd6 Nh7 36. Kc3 Bf8 37. Bf4 Bg7 38. a4 Ng5 39. Nxg5 fxg5 40.
Bd6 Kd7 41. f4 Bf8 42. fxg5 Bxd6 43. cxd6 hxg5 44. Rxf7+ Kxd6 45. Rxb7 Rh8 46.
Rxa7 Rxh5 47. Rg7 Kd5 48. Rd7+ Ke4 49. Rd6 Kf5 50. Rxc6 Rh2 51. g4+ Kxg4 52.
Rxe6 Kf5 53. Re7 g4 54. Rg7 Rh5 55. Kc4 Rg5 56. Rxg5+ Kxg5 57. Kd3 Kf4 58. a5
Kf3 59. a6 g3 60. a7 g2 61. a8=Q+ {steve resigns} 1-0

[Event "ICS rated blitz match"]
[Site "204.178.125.65"]
[Date "2000.09.16"]
[Round "?"]
[White "steve"]
[Black "Hossa"]
[Result "0-1"]
[WhiteElo "2014"]
[BlackElo "2534"]
[PlyCount "70"]
[EventDate "2000.??.??"]

1. e4 e5 2. Nf3 Nc6 3. Bc4 Nf6 4. d3 Be7 5. c3 O-O 6. Bb3 d5 7. Nbd2 dxe4 8.
dxe4 Bc5 9. O-O Bg4 10. h3 Bh5 11. Qe2 Qe7 12. Re1 Rfd8 13. Nf1 a5 14. a4 Bg6
15. Ng3 h6 16. Bc2 Nh5 17. Nxh5 Bxh5 18. Be3 Bxe3 19. Qxe3 Bxf3 20. Qxf3 Rd2
21. Re2 Rad8 22. Qe3 Qd7 23. Bb3 Rd3 24. Qc5 b6 25. Qc4 Nb8 26. Bc2 Rd6 27. b4
Nc6 28. b5 Ne7 29. f4 Ng6 30. fxe5 Nxe5 31. Qb3 Rd2 32. Rae1 Qd6 33. Kh1 Qg6
34. Qb1 Qg3 35. Qc1 Nf3 {steve resigns} 0-1

[Event "ICS rated blitz match"]
[Site "204.178.125.65"]
[Date "2000.09.16"]
[Round "?"]
[White "Hossa"]
[Black "steve"]
[Result "1-0"]
[WhiteElo "2536"]
[BlackElo "2012"]
[PlyCount "85"]
[EventDate "2000.??.??"]

1. e4 c6 2. d4 d5 3. Nc3 dxe4 4. Nxe4 Bf5 5. Ng3 Bg6 6. h4 h6 7. Nf3 Nd7 8. h5
Bh7 9. Bd3 Bxd3 10. Qxd3 e6 11. Bd2 Qc7 12. O-O-O Ngf6 13. Ne4 O-O-O 14. Nxf6
gxf6 15. Qc3 Kb8 16. Kb1 Ka8 17. Qb3 c5 18. Qc3 Rc8 19. Be3 cxd4 20. Qxc7 Rxc7
21. Rxd4 Be7 22. Rhd1 Nb8 23. c3 b6 24. R4d2 Kb7 25. Nd4 a6 26. a3 Bc5 27. Kc2
Rd7 28. b4 Bxd4 29. Bxd4 e5 30. Be3 Rxd2+ 31. Rxd2 Kc6 32. c4 Nd7 33. b5+ axb5
34. cxb5+ Kc7 35. Kb3 f5 36. Rc2+ Kb7 37. g3 f4 38. gxf4 Nf6 39. fxe5 Ng4 40.
Bf4 Rc8 41. f3 Rxc2 42. Kxc2 Nf2 43. Bxh6 {steve resigns} 1-0

[Event "ICS rated blitz match"]
[Site "204.178.125.65"]
[Date "2000.09.16"]
[Round "?"]
[White "Hossa"]
[Black "steve"]
[Result "1-0"]
[WhiteElo "2538"]
[BlackElo "2010"]
[PlyCount "101"]
[EventDate "2000.??.??"]

1. e4 c6 2. d4 d5 3. exd5 cxd5 4. c4 Nf6 5. Nc3 e6 6. Nf3 Bb4 7. Bd2 O-O 8. Rc1
Nbd7 9. cxd5 exd5 10. a3 Bd6 11. Be2 a6 12. Qb3 Re8 13. Nxd5 Nxd5 14. Qxd5 Nf6
15. Qc4 b5 16. Qd3 Qe7 17. Bg5 Bf5 18. Qd2 Qe6 19. Be3 Nd5 20. O-O Nxe3 21.
fxe3 Qxe3+ 22. Qxe3 Rxe3 23. Bd1 Bd3 24. Rf2 h6 25. Rc6 Bf4 26. g3 Be4 27. Rc5
Bd6 28. Rc1 Re8 29. Nd2 Bd5 30. Bf3 Re1+ 31. Rxe1 Rxe1+ 32. Rf1 Rxf1+ 33. Kxf1
Bc4+ 34. Nxc4 bxc4 35. Ke2 c3 36. bxc3 Bxa3 37. c4 Kf8 38. Kd3 a5 39. c5 Ke7
40. Kc4 Kd7 41. Ba8 Bc1 42. d5 a4 43. Bc6+ Kc7 44. Bxa4 f5 45. d6+ Kd8 46. c6
f4 47. c7+ Kc8 48. Kb5 Kb7 49. Bb3 fxg3 50. Bd5+ Kc8 51. Kc6 {steve resigns}
1-0

[Event "ICS rated blitz match"]
[Site "204.178.125.65"]
[Date "2000.09.16"]
[Round "?"]
[White "steve"]
[Black "Hossa"]
[Result "0-1"]
[WhiteElo "2009"]
[BlackElo "2539"]
[PlyCount "45"]
[EventDate "2000.??.??"]

1. e4 e5 2. Nf3 Nc6 3. d4 exd4 4. Nxd4 Nf6 5. Nxc6 bxc6 6. e5 Qe7 7. Qe2 Nd5 8.
c4 Ba6 9. g3 g6 10. b3 Bg7 11. Bb2 O-O 12. Bg2 Nb6 13. O-O d5 14. Qe3 dxc4 15.
Bxc6 cxb3 16. axb3 Bxf1 17. Bxa8 Rxa8 18. Kxf1 Rd8 19. Nd2 Qd7 20. Nf3 Qb5+ 21.
Kg1 Rd3 22. Qe2 Rxb3 23. Bd4 {steve resigns} 0-1

[Event "ICS rated blitz match"]
[Site "204.178.125.65"]
[Date "2000.09.16"]
[Round "?"]
[White "Hossa"]
[Black "steve"]
[Result "1/2-1/2"]
[WhiteElo "2540"]
[BlackElo "2008"]
[PlyCount "71"]
[EventDate "2000.??.??"]

1. e4 c6 2. d4 d5 3. Nc3 dxe4 4. Nxe4 Bf5 5. Ng3 Bg6 6. h4 h6 7. Nf3 Nd7 8. h5
Bh7 9. Bd3 Bxd3 10. Qxd3 e6 11. Bd2 Qc7 12. O-O-O Ngf6 13. Ne4 O-O-O 14. Nxf6
Nxf6 15. Qc4 Bd6 16. Qa4 Kb8 17. Kb1 Rd7 18. Ba5 Qc8 19. Bb4 Bxb4 20. Qxb4 Nd5
21. Qe1 Rhd8 22. Qe5+ Qc7 23. Qxg7 Qb6 24. Ka1 Nb4 25. c3 Nc2+ 26. Kb1 Na3+ 27.
Kc1 Nc4 28. b3 Qa5 29. bxc4 Qxc3+ 30. Kb1 Qb4+ 31. Kc2 Qxc4+ 32. Kb2 Qb4+ 33.
Kc2 Qc4+ 34. Kb2 Qb4+ 35. Kc2 Qc4+ 36. Kb2 {Game drawn by repetition} 1/2-1/2

[Event "ICS rated blitz match"]
[Site "204.178.125.65"]
[Date "2000.09.16"]
[Round "?"]
[White "Tinker"]
[Black "Hossa"]
[Result "0-1"]
[WhiteElo "2472"]
[BlackElo "2525"]
[PlyCount "30"]
[EventDate "2000.??.??"]

1. e4 e5 2. Nf3 Nc6 3. Bb5 a6 4. Bxc6 dxc6 5. O-O Bg4 6. h3 h5 7. d3 Qf6 8.
Nbd2 Ne7 9. a3 Ng6 10. b3 Nf4 11. Bb2 Bd6 12. hxg4 hxg4 13. Ne1 Qh4 14. f3 g3
15. c3 Qh2# {Tinker checkmated} 0-1

[Event "ICS rated blitz match"]
[Site "204.178.125.65"]
[Date "2000.09.16"]
[Round "?"]
[White "Hossa"]
[Black "Tinker"]
[Result "1-0"]
[WhiteElo "2539"]
[BlackElo "2458"]
[PlyCount "107"]
[EventDate "2000.??.??"]

1. e4 e5 2. Nf3 Nf6 3. Nxe5 Qe7 4. Nf3 Qxe4+ 5. Be2 Nc6 6. Nc3 Qg4 7. Nb5 Kd8
8. O-O a6 9. d3 d5 10. Ne5 Qe6 11. Nxc6+ Qxc6 12. Nd4 Qb6 13. Nb3 Bd6 14. Re1
Re8 15. Bf3 Be6 16. Bd2 Ra7 17. Bc3 Re7 18. Qd2 Ne8 19. a4 Kc8 20. Qg5 f6 21.
Qh4 g5 22. Qh5 Bc5 23. d4 Bb4 24. Bxd5 Bxd5 25. Rxe7 Bxe7 26. Qxe8+ Bd8 27. Qh5
Bxb3 28. cxb3 Qe6 29. Qxh7 Ra8 30. b4 Qd7 31. Qd3 Ra7 32. d5 g4 33. Qc4 Ra8 34.
Re1 f5 35. a5 Ra7 36. Be5 Kb8 37. Qc5 Ra8 38. d6 c6 39. Rd1 Ra7 40. Bd4 Ra8 41.
Qe5 Kc8 42. Bc5 b6 43. axb6 Kb7 44. Qd4 a5 45. bxa5 Rxa5 46. b4 Ra6 47. Re1 Bh4
48. h3 Bd8 49. hxg4 fxg4 50. Qe4 Bf6 51. b5 Rxb6 52. bxc6+ Rxc6 53. Rb1+ Kc8
54. Qa4 {Tinker resigns} 1-0